Fundamentals Of Investments, Valuation & Management, (Record no. 5548)

MARC details
005 - DATE AND TIME OF LATEST TRANSACTION
control field 20250627082543.0
020 ## - INTERNATIONAL STANDARD BOOK NUMBER
International Standard Book Number 0-07-244331-6
082 ## - DEWEY DECIMAL CLASSIFICATION NUMBER
Classification number 332.6 COR
100 ## - MAIN ENTRY--PERSONAL NAME
Author name CORRADO, J. C.
245 ## - TITLE STATEMENT
Title Fundamentals Of Investments, Valuation & Management,
250 ## - EDITION STATEMENT
Edition statement 2nd Ed.
260 ## - PUBLICATION, DISTRIBUTION, ETC.
Place of publication, distribution, etc. New York,
Name of publisher, distributor, etc. Mc Graw Hill Irwin,
Date of publication, distribution, etc. 2002.
300 ## - PHYSICAL DESCRIPTION
Extent xxxv.; 604p.; Ill.; picture.
Other physical details Index,
Dimensions 26cm.
700 ## - ADDED ENTRY--PERSONAL NAME
Other authors/Editors JORDAN, D. B.
942 ## - ADDED ENTRY ELEMENTS (KOHA)
Source of classification or shelving scheme Dewey Decimal Classification
Koha item type Books
Holdings
Date last seen Total checkouts Full call number Barcode Cost, replacement price Price effective from Koha item type Lost status Source of classification or shelving scheme Damaged status Not for loan Withdrawn status Home library Current library Shelving location Date acquired Cost, normal purchase price
06/27/2025   332.6COR DOM0002572 150000.00 06/27/2025 Books   Dewey Decimal Classification       CBE Dodoma CBE Dodoma General Collection 04/25/2005 50000.00
06/27/2025   332.6COR DOM0002573 150000.00 06/27/2025 Books   Dewey Decimal Classification       CBE Dodoma CBE Dodoma General Collection 04/25/2005 50000.00
06/27/2025   332.6COR DOM0002571 150000.00 06/27/2025 Books   Dewey Decimal Classification       CBE Dodoma CBE Dodoma General Collection 04/25/2005 50000.00